[Event "DVM U10 2017"]
[Site "Magdeburg GER"]
[Date "2017.12.29"]
[Round "7"]
[White "Malchereck, Zion"]
[Black "Frecker, Bennit"]
[Result "0-1"]
[Termination "normal"]
[Board "4.3"]
[WhiteElo "1151"]
[BlackElo "1139"]
[WhiteClock "00:03:20"]
[BlackClock "00:34:55"]
[WhiteTeam "Hamburger SK 1"]
[BlackTeam "DJK Aufwärts St. Josef Aachen"]
[PlyCount "189"]
[WhiteFideId "16269233"]
[BlackFideId "16258444"]
[EventCountry "GER"]
[EventRounds "7"]
[EventType "team-swiss"]
[EventDate "2017.12.27"]

1. e4 {[%clk 0:59:55]} d5 {[%clk 0:59:55]} 2. exd5 {[%clk 0:59:44]} Nf6 {[%clk
0:59:52]} 3. Nc3 {[%clk 0:58:36]} Nxd5 {[%clk 0:59:47]} 4. Nxd5 {[%clk
0:58:08]} Qxd5 {[%clk 0:59:42]} 5. Nf3 {[%clk 0:58:02]} Bg4 {[%clk 0:59:29]} 6.
Be2 {[%clk 0:57:43]} Nc6 {[%clk 0:58:58]} 7. d3 {[%clk 0:57:24]} e6 {[%clk
0:58:28]} 8. Bf4 {[%clk 0:54:51]} O-O-O {[%clk 0:58:09]} 9. O-O {[%clk
0:54:02]} Qh5 {[%clk 0:57:30]} 10. h3 {[%clk 0:52:19]} Qf5 {[%clk 0:56:30]} 11.
Bg3 {[%clk 0:51:25]} h5 {[%clk 0:56:02]} 12. Qd2 {[%clk 0:48:22]} Nd4 {[%clk
0:54:36]} 13. Nxd4 {[%clk 0:45:17]} Rxd4 {[%clk 0:54:18]} 14. Qc3 {[%clk
0:43:42]} Bd6 {[%clk 0:53:36]} 15. Bxg4 {[%clk 0:40:42]} hxg4 {[%clk 0:53:26]}
16. Qxd4 {[%clk 0:40:24]} gxh3 {[%clk 0:53:14]} 17. Bxd6 {[%clk 0:36:14]} hxg2
{[%clk 0:52:55]} 18. Bh2 {[%clk 0:28:04]} Qh3 {[%clk 0:52:33]} 19. Qf4 {[%clk
0:27:26]} gxf1=Q+ 20. Rxf1 e5 {[%clk 0:51:17]} 21. Qxe5 {[%clk 0:25:42]} Qg4+
{[%clk 0:49:23]} 22. Qg3 {[%clk 0:25:22]} Qd7 {[%clk 0:48:33]} 23. Re1 {[%clk
0:21:02]} Qd8 {[%clk 0:47:51]} 24. Re4 {[%clk 0:19:49]} g5 {[%clk 0:47:30]} 25.
Rd4 {[%clk 0:18:54]} Qe7 {[%clk 0:46:57]} 26. Qe5 {[%clk 0:18:06]} Qxe5 {[%clk
0:46:21]} 27. Bxe5 {[%clk 0:17:55]} Re8 {[%clk 0:46:03]} 28. Re4 {[%clk
0:17:12]} Rf8 {[%clk 0:45:36]} 29. Kg2 {[%clk 0:16:38]} f6 {[%clk 0:45:27]} 30.
Bc3 {[%clk 0:16:21]} f5 {[%clk 0:45:13]} 31. Re5 {[%clk 0:15:58]} g4 {[%clk
0:45:05]} 32. f3 {[%clk 0:15:40]} Kd7 {[%clk 0:44:44]} 33. fxg4 {[%clk
0:15:15]} fxg4 {[%clk 0:44:36]} 34. Rg5 {[%clk 0:15:06]} Re8 {[%clk 0:44:17]}
35. Rxg4 {[%clk 0:14:10]} Re2+ {[%clk 0:44:12]} 36. Kf3 {[%clk 0:13:58]} Rxc2
{[%clk 0:44:05]} 37. Rg7+ {[%clk 0:13:45]} Kd6 {[%clk 0:43:49]} 38. Rg6+ {[%clk
0:12:34]} Kc5 {[%clk 0:43:30]} 39. Rg5+ {[%clk 0:12:10]} Kd6 {[%clk 0:43:18]}
40. Ke4 {[%clk 0:12:00]} Re2+ {[%clk 0:43:12]} 41. Kd4 {[%clk 0:11:46]} Ke7
{[%clk 0:42:46]} 42. Ra5 {[%clk 0:11:10]} a6 {[%clk 0:42:41]} 43. Ra3 {[%clk
0:10:58]} Re6 {[%clk 0:42:33]} 44. Rb3 {[%clk 0:10:39]} b5 {[%clk 0:42:09]} 45.
Bb4+ {[%clk 0:10:27]} Kd7 {[%clk 0:41:51]} 46. Rc3 {[%clk 0:10:13]} c6 {[%clk
0:41:47]} 47. Kc5 {[%clk 0:09:59]} Kc7 {[%clk 0:41:26]} 48. b3 {[%clk 0:09:38]}
Re5+ {[%clk 0:41:19]} 49. Kd4 {[%clk 0:09:26]} Rd5+ {[%clk 0:41:16]} 50. Ke3
{[%clk 0:09:20]} Kb6 {[%clk 0:40:50]} 51. a4 {[%clk 0:08:45]} a5 {[%clk
0:40:27]} 52. Ba3 {[%clk 0:08:34]} b4 {[%clk 0:40:22]} 53. Rc1 {[%clk 0:08:25]}
bxa3 {[%clk 0:40:16]} 54. Ra1 {[%clk 0:08:24]} Re5+ {[%clk 0:40:01]} 55. Kf4
{[%clk 0:08:11]} Rd5 {[%clk 0:39:53]} 56. Ke4 {[%clk 0:08:06]} Kc5 {[%clk
0:39:39]} 57. Rxa3 Kb4 {[%clk 0:39:27]} 58. Ra1 {[%clk 0:07:49]} Kxb3 {[%clk
0:39:17]} 59. Rc1 {[%clk 0:07:29]} Rd6 {[%clk 0:38:57]} 60. Rc4 {[%clk
0:07:06]} Re6+ {[%clk 0:38:27]} 61. Kd4 {[%clk 0:06:59]} Rd6+ {[%clk 0:38:25]}
62. Ke4 {[%clk 0:06:58]} Rh6 {[%clk 0:38:14]} 63. Rc5 {[%clk 0:06:16]} Kb4
{[%clk 0:38:05]} 64. Rc4+ {[%clk 0:06:11]} Kb3 {[%clk 0:38:02]} 65. Rc5 {[%clk
0:06:09]} Kxa4 {[%clk 0:37:55]} 66. Rc1 {[%clk 0:06:03]} Kb5 {[%clk 0:37:44]}
67. Rb1+ {[%clk 0:06:01]} Ka6 {[%clk 0:37:42]} 68. Kd4 {[%clk 0:05:57]} Rh5
{[%clk 0:37:38]} 69. Rc1 {[%clk 0:05:51]} Kb6 {[%clk 0:37:37]} 70. Rb1+ {[%clk
0:05:50]} Kc7 {[%clk 0:37:36]} 71. Ra1 {[%clk 0:05:48]} Kd6 {[%clk 0:37:29]}
72. Kc4 {[%clk 0:05:42]} Rh4+ {[%clk 0:37:17]} 73. d4 {[%clk 0:05:36]} c5
{[%clk 0:37:09]} 74. Rxa5 {[%clk 0:05:14]} Rxd4+ {[%clk 0:37:08]} 75. Kc3
{[%clk 0:05:12]} Kd5 {[%clk 0:37:05]} 76. Kb3 {[%clk 0:05:08]} Rb4+ {[%clk
0:36:58]} 77. Kc3 {[%clk 0:05:04]} Re4 {[%clk 0:36:47]} 78. Kd3 {[%clk
0:04:59]} Rh4 {[%clk 0:36:42]} 79. Kc2 {[%clk 0:04:41]} Rh3 {[%clk 0:36:34]}
80. Kd2 {[%clk 0:04:36]} Kd4 {[%clk 0:36:32]} 81. Ra4+ {[%clk 0:04:35]} c4
{[%clk 0:36:30]} 82. Kc2 {[%clk 0:04:32]} Rh4 {[%clk 0:36:18]} 83. Kd2 {[%clk
0:04:26]} Rh2+ {[%clk 0:36:09]} 84. Kc1 {[%clk 0:04:25]} Kd3 {[%clk 0:36:03]}
85. Ra3+ {[%clk 0:04:16]} c3 {[%clk 0:35:59]} 86. Kb1 {[%clk 0:04:09]} Rg2
{[%clk 0:35:38]} 87. Rb3 {[%clk 0:03:56]} Kd2 {[%clk 0:35:29]} 88. Rb2+ {[%clk
0:03:35]} cxb2 {[%clk 0:35:11]} 89. Kxb2 {[%clk 0:03:34]} Rg3 {[%clk 0:35:07]}
90. Kb1 {[%clk 0:03:29]} Kc3 {[%clk 0:34:57]} 91. Ka2 {[%clk 0:03:26]} Kb4
{[%clk 0:34:56]} 92. Kb2 {[%clk 0:03:22]} Rg2+ {[%clk 0:34:55]} 93. Kc1 {[%clk
0:03:21]} Kc3 {[%clk 0:34:55]} 94. Kd1 {[%clk 0:03:20]} Ra2 95. Ke1 0-1

[Event "DVM U10 2017"]
[Site "Magdeburg GER"]
[Date "2017.12.29"]
[Round "7"]
[White "Els, Henri"]
[Black "Dorendorf, Mika"]
[Result "0-1"]
[Termination "normal"]
[Board "4.4"]
[WhiteElo "1277"]
[BlackElo "1119"]
[WhiteClock "00:51:23"]
[BlackClock "00:52:45"]
[WhiteTeam "DJK Aufwärts St. Josef Aachen"]
[BlackTeam "Hamburger SK 1"]
[PlyCount "28"]
[WhiteFideId "251798"]
[BlackFideId "16283066"]
[EventCountry "GER"]
[EventRounds "7"]
[EventType "team-swiss"]
[EventDate "2017.12.27"]

1. f4 {[%clk 0:59:59]} c5 {[%clk 0:59:52]} 2. Nf3 {[%clk 0:59:53]} d5 {[%clk
0:59:44]} 3. e3 {[%clk 0:59:48]} Nc6 {[%clk 0:59:36]} 4. Bb5 {[%clk 0:59:41]}
Bd7 {[%clk 0:59:27]} 5. O-O {[%clk 0:59:25]} Qb6 {[%clk 0:59:16]} 6. Bxc6
{[%clk 0:59:07]} Bxc6 {[%clk 0:59:06]} 7. Nc3 {[%clk 0:57:11]} Nf6 {[%clk
0:57:52]} 8. b3 {[%clk 0:56:24]} g6 {[%clk 0:57:44]} 9. Bb2 {[%clk 0:55:29]}
Bg7 {[%clk 0:57:34]} 10. g4 {[%clk 0:53:40]} Nxg4 {[%clk 0:55:31]} 11. Nxd5
{[%clk 0:53:32]} Qd8 {[%clk 0:53:55]} 12. Bxg7 {[%clk 0:53:16]} Rg8 {[%clk
0:53:47]} 13. Ne5 {[%clk 0:52:09]} Qxd5 {[%clk 0:53:24]} 14. Qe2 {[%clk
0:51:23]} Qh1# {[%clk 0:52:45]} 0-1